000 00232nam a22000857a 4500
008 161101b xxu||||| |||| 00| 0 eng d
100 _9999
_aArora.S.
245 _aInformation Practices-XII
260 _aNew Delhi
_bDhanpad Publications
_c2012
999 _c3659
_d3659